| 000 | 00563nam a2200205Ia 4500 | ||
|---|---|---|---|
| 003 | GCL | ||
| 008 | 140319s9999 xx 000 0 eng d | ||
| 040 |
_aGCL / _cGCL |
||
| 082 | 0 | 4 |
_a194 _bD C |
| 100 | 1 | _aDESCARTES, RENE | |
| 245 | 1 | 0 |
_aCORRESPONDANCE AVEC ELISABETH ET AUTRES LETHRES / _cDESCARTES, RENE |
| 700 | 1 | _aBEYSSADE, JEAN - MARIE | |
| 260 |
_a[S.N] : _bGF - FLAMMARION ، _c1989 |
||
| 300 | _a314 P | ||
| 650 | 0 | 4 | _aMETHODOLOGY |
| 650 | 0 | 4 | _aPHILOSOPHY |
| 650 | 0 | 4 | _aDESCARTES, RENE(1596 - 1650) |
| 650 | 0 | 4 | _aKNOWLEDGE THEORY |
| 942 |
_2ddc _cBK |
||
| 999 |
_c15999 _d15999 |
||